Gaming Quiz

Random Gaming or Clickable Quiz
Score 0/20 Timer 03:00
0 Plays Today
% Correct
For
88.2%
Vs.
85.8%
Of
85.6%
In
85.4%
By
81.1%
Between
80.2%
Without
77.5%
At
77.3%
Among
77%
After
75.2%
% Correct
With
74.3%
Under
63.2%
Like
62.9%
On
62.1%
Off
59.1%
To
56%
Before
52.2%
Beyond
51%
Into
49.3%
From
38.8%
Remove Ads.
Support Sporcle.
Get the best of Sporcle when you Go Orange. This ad-free experience offers more features, more stats, and more fun while also helping to support Sporcle. Thank you for becoming a member.

You're not logged in!

Compare scores with friends on all Sporcle quizzes.
OR
Log In

Sporcle TV

Today on Sporcle TV


Watch our educational content, quiz creation guides, and fun videos on Sporcle TV.

Show Comments

Extras

Top Quizzes Today


Score Distribution

Paid Content

Your Account Isn't Verified!

In order to create a playlist on Sporcle, you need to verify the email address you used during registration. Go to your Sporcle Settings to finish the process.

Report this User

Report this user for behavior that violates our Community Guidelines.

Details: